LEADER 01239nam 2200361 n 450 001 996391885303316 005 20221108022325.0 035 $a(CKB)1000000000672492 035 $a(EEBO)2240864592 035 $a(UnM)99841692 035 $a(EXLCZ)991000000000672492 100 $a19910411d1628 uy | 101 0 $aeng 135 $aurbn||||a|bb| 200 10$aDiogenes lanthorne$b[electronic resource] $eIn Athens I seeke for honest men, but I shall find them God knows when. Ile search the city, where if I can see one honest man, he shall go with mee 210 $aLondon $cPrinted by I. H[aviland] for Robert Bird, at the signe of the Bible in Cheape-side$d1628 215 $a[42] p 300 $aBy Samuel Rowlands. 300 $aSignatures: A-E⁴ F² (-F2). 300 $aWith woodcut title vignette. 300 $aPrinter's name and from STC. 300 $aIn verse. 300 $aReproduction of original in the British Library. 330 $aeebo-0018 700 $aRowlands$b Samuel$f1570?-1630?$01003803 801 0$bCu-RivES 801 1$bCu-RivES 801 2$bCStRLIN 801 2$bWaOLN 906 $aBOOK 912 $a996391885303316 996 $aDiogenes lanthorne$92317326 997 $aUNISA LEADER 01128nam a2200325 i 4500 001 991002493569707536 005 20020508201145.0 008 980701s1994 us ||| | eng 020 $a0674995600 035 $ab11017636-39ule_inst 035 $aPARLA163698$9ExL 040 $aDip.to Scienze dell'Antichit$bita 041 1 $aeng$agrc$hgrc 100 1 $aEuripides$0229973 245 10$aCyclops; Alcestis ; Medea /$cEuripides ; edited and translated by David Kovacs 260 $aCambridge, Mass. ; London :$bHarvard University Press,$c1994 300 $a427 p. ;$c17 cm. 440 4$aThe Loeb classical library [Autori greci] ;$v12 490 0 $aEuripides ;$v4 500 $aTesto greco con traduzione inglese. 650 4$aEuripide 700 1 $aKovacs, David 740 0 $aAlcestis 740 0 $aMedea 907 $a.b11017636$b23-02-17$c28-06-02 912 $a991002493569707536 945 $aLE007 LOEB Euripides 04$g1$i2015000019677$lle007$o-$pE0.00$q-$rn$so $t0$u0$v0$w0$x0$y.i11136522$z28-06-02 996 $aCyclops$917904 997 $aUNISALENTO 998 $ale007$b01-01-98$cm$da $e-$feng$gus $h0$i1